Регионална библиотека "Любен Каравелов" - Русе

Елате в нашата школа (Запис номер 130993)

MARC детайли
000 -Лидер
Контролно поле с фиксирана дължина nam a22 a 4500
003 - Код на организацията, давaща контролен номер
Контролно поле BLK
005 - Дата и час на последна редакция
Контролно поле 20220525100815.0
008 - Елементи от данни с фиксирана дължина
fixed length control field 180409b bul|||||r ||||||| ||bul||
010 ## - Наследен системен номер
LC control number KNG00136792000
040 ## - Източник на каталожния запис
Идентификатор на билиотеката - собственик на записа BLK
041 ## - Код за език
Код за езика на текст/звукозапис или на отделно заглавие Български
Код за езика КДБФ Български
080 ## - УДК
Текстов определител УДК Извънучилищно образование. Културно-просветна работа.
УДК код - определител по УДК 374
УДК определител (497.2)
УДК - код + определител 374(497.2)
080 ## - УДК
Текстов определител УДК Женско движение. Женски въпрос. Обществено положение на жената. Равноправие на жената
УДК код - определител по УДК 396
УДК определител (497.2)
УДК - код + определител 396(497.2)
100 1# - Редна дума - Автор
Автор Белчева, Маня
Авторска отговорност първи автор
R(LIN) 319720
139 ## - Редно поле
Редна дума Белчева, Маня
Авторски знак Белч - Б 36
245 10 - Сведения за заглавието
Заглавие Елате в нашата школа
Редно поле (дума) Маня Белчева
257 ## - Страна на издаване
Страна на създаване/издаване България
260 ## - Област на издателските данни
Място на издаване, разпространение и проч. София
Име на издателя, разпространителя и проч. НС ОФ
Година на издаване 1965
300 ## - Физическа характеристика
Страници 35 с.
Илюстрации и др. с портр.
Размери/Мащаб 20 см
380 ## - Жанр
Жанр Обществени науки
490 ## - СЕРИИ (Колекции)
Име на серия Библиотека на жената
№: серия Г. IХ, прил.
9 (RLIN) 204926
500 ## - Общи забележки
Забележка Школа за българки-мохамеданки - активистки на ОФ в гр. Гоце Делчев.
650 #4 - Допълнително описание по предмет – тема
Основно описание – тема или топоним Жени - България - библиографии
9 (RLIN) 316747
651 #4 - Допълнително описание по предмет - топоним
Географско понятие България
9 (RLIN) 241624
653 ## - Ключова дума – ненормативна
Ключова дума жени
653 ## - Ключова дума – ненормативна
Ключова дума мюсюлмани
653 ## - Ключова дума – ненормативна
Ключова дума Отечествен фронт
852 ## - Местоположение
Форматна сигнатура Цб 35333
856 4# - Електронен адрес и достъп
Електронен формат pdf - файл
856 4# - Електронен адрес и достъп
Електронен формат pdf - файл
999 ## - СИСТЕМНИ КОНТРОЛНИ НОМЕРА
Koha biblionumber 130993
Koha biblioitemnumber 130993
942 ## - АРТИКУЛИ
Вид на библиотечния материал Книги
Скрит в OPAC Не
Периодичен библиозапис Да
944 ## - СЪЗДАВАНЕ И РЕДАКЦИЯ на ЗАПИСА
Създаване/Редакция Създаване
Дата на регистрацията/редакция 04.12.2012
Статус, дата на статуса 04.12.2012 - от С1,Р / 04.12.2012
Служител, извършил регистрацията/редакцията Геновева_Генчева
944 ## - СЪЗДАВАНЕ И РЕДАКЦИЯ на ЗАПИСА
Създаване/Редакция Редакция
Дата на регистрацията/редакция 2022-05-25
Статус, дата на статуса 2022-05-25
Наличности
Код за отписване Код за изгубен артикул Източник на класификационната схема Код за повреда Коз за рестрикции Код за отдаване Артикулен № Име на библиотеката - собственик Име на библиотеката, в която се намира в момента Статус (Текущо местоположение) Дата на вписване в системата Местоположение - отдел Цена в лева Инвентарен номер Систематично азбучна сигнатура Баркод Номер на екземпляра Цена в евро Служебна бележка Служебен тип на артикула
  Не е изгубен Universal Decimal Classification Не е повреден само за читалня ползва се в читалня 213503 Регионална библиотека "Любен Каравелов" Русе Регионална библиотека "Любен Каравелов" Русе Хранилище 1965-01-01 Хранилище 0.05 16916/65 Цб 35333 900000096078 1 0.03 Дата: 01.01.1965 Книги
Vip Innovations Ltd, Rousse, Bulgaria 2025